00853 2200181 4500001002100000005001500021035002000036245006200056100001000118250001000128300002400138260003300162082000800195084001400203020002200217650001600239520041600255INLIS00000000000006920210210125737 a0010-02210000421 aKiat Cepat Kuasai Grammar dan 16 TENSES /cPanca Prastowo0 aPanca acet.1 a288hal. ;c155x24cm aYogyakarta :bLaksana,c2018 a420 a420 PAN k a978-602-296-186-4 4aPengetahuan aAnda ingin belajar bahasa Inggris secara to the point? Buku ini adalah jawabannya! Di dalamnya, dijelaskan materi-materi grammar utama dalam bahasa Inggris. Aspek-aspek tata bahasa seperti noun, pronoun, adjective, verb, adverb, preposition, dan sebagainya diuraikan secara sistematis tanpa bertele-tele. Bahkan uraian tentang 16 jenis tenses yang menjadi momok banyak kalangan terasa simpel dan mudah dicerna.